| 000 | 00507nam a22001817a 4500 | ||
|---|---|---|---|
| 003 | LK-CoMWRAF | ||
| 005 | 20231211114647.0 | ||
| 008 | 230928b1957 |||||||| |||| 00| 0 eng d | ||
| 040 |
_aLK-CoMWRAF _dLK-CoMWRAF _eLK-CoMWRAF |
||
| 041 | _aeng | ||
| 082 |
_a671.5212 _bPRO |
||
| 245 | _aProcedure handbook of arc welding design and practice | ||
| 250 | _a11th ed. | ||
| 260 |
_aOhio: _bLincoln electric company, _c1957 |
||
| 300 | _a1316 p. | ||
| 650 | _aElectric welding- Handbooks, manuals, | ||
| 942 | _cBK | ||
| 999 |
_c3706 _d3706 |
||